[Event "Regionalliga Sued-West 1718"]
[Site "Bayern"]
[Date "2018.02.25"]
[Round "7.4"]
[White "Jermann, Frank"]
[Black "Brugger, Hans"]
[Result "1/2-1/2"]
[WhiteElo "1976"]
[BlackElo "1988"]
[PlyCount "65"]
[EventDate "2017.10.22"]
[EventType "team-tourn"]
[EventRounds "9"]
[EventCountry "GER"]
[SourceTitle "EXT 2022"]
[Source "ChessBase"]
[SourceDate "2021.10.06"]
[SourceVersion "1"]
[SourceVersionDate "2021.10.06"]
[SourceQuality "1"]
[WhiteTeam "Mering"]
[BlackTeam "Marktoberdorf"]
[WhiteTeamCountry "GER"]
[BlackTeamCountry "GER"]

1. d4 d5 2. Nf3 e6 3. e3 Nd7 4. b3 Bd6 5. Bb2 f5 6. Bd3 Ngf6 7. 0-0 0-0 8. c4 c6 9. cxd5 cxd5 10. Nbd2 Ne4 11. Ne5 Ndf6 12. f3 Nxd2 13. Qxd2 Bd7 14. Nxd7 Qxd7 15. Rac1 a5 16. a4 Ne8 17. Bb5 Qd8 18. Bxe8 Rxe8 19. f4 Qb6 20. Qd3 Rac8 21. Rxc8 Rxc8 22. Rc1 Rxc1+ 23. Bxc1 Bb4 24. Qc2 Kf7 25. Kf2 Qd8 26. g3 Qd7 27. Bd2 Bxd2 28. Qxd2 Qc7 29. Ke2 Ke7 30. Kd3 Qb6 31. Kc2 Kd7 32. Qc3 Qa6 33. Qd3 1/2-1/2

[Event "Regionalliga SW 1617"]
[Site "Bayern"]
[Date "2016.10.16"]
[Round "1.6"]
[White "Jermann, Frank"]
[Black "Zellweger, Wilfried"]
[Result "1-0"]
[WhiteElo "1960"]
[BlackElo "1892"]
[PlyCount "76"]
[EventDate "2016.10.16"]
[EventType "team-tourn"]
[EventRounds "9"]
[EventCountry "GER"]
[SourceTitle "EXT 2019"]
[Source "ChessBase"]
[SourceDate "2018.10.10"]
[SourceVersion "1"]
[SourceVersionDate "2018.10.10"]
[SourceQuality "1"]
[WhiteTeam "Mering"]
[BlackTeam "Tuerkheim/Bad Woerishofen"]
[WhiteTeamCountry "GER"]
[BlackTeamCountry "GER"]

1. d4 d5 2. Bf4 Nf6 3. e3 g6 4. Be2 Bg7 5. Nc3 0-0 6. h4 c5 7. Qd2 Nc6 8. 0-0-0 cxd4 9. exd4 Bf5 10. a3 Rc8 11. f3 Na5 12. g4 Be6 13. Bh6 Nc4 14. Bxc4 Rxc4 15. Bxg7 Kxg7 16. h5 Rh8 17. hxg6 hxg6 18. Nge2 Rc8 19. Nf4 Qd6 20. Qe3 Rxh1 21. Rxh1 Rh8 22. Rxh8 Kxh8 23. Nxe6 Qxe6 24. Qxe6 fxe6 25. Nb5 Nd7 26. Nxa7 e5 27. Nb5 exd4 28. Nxd4 e5 29. Nb3 Kg7 30. Kd2 Kf6 31. Ke3 Ke6 32. f4 b6 33. c3 Nf6 34. Kf3 Ne4 35. Ke3 exf4+ 36. Kxf4 g5+ 37. Ke3 Nf6 38. Nd4+ Ke5 1-0

[Event "GER-chT Betriebe 15th"]
[Site "Munich"]
[Date "2015.10.23"]
[Round "3.4"]
[White "Buescher, Henrik"]
[Black "Jermann, Frank"]
[Result "1/2-1/2"]
[WhiteElo "2112"]
[BlackElo "2140"]
[PlyCount "31"]
[EventDate "2015.10.22"]
[EventType "team-swiss"]
[EventRounds "7"]
[EventCountry "GER"]
[SourceTitle "EXT 2020"]
[Source "ChessBase"]
[SourceDate "2019.10.17"]
[SourceVersion "1"]
[SourceVersionDate "2019.10.17"]
[SourceQuality "1"]
[WhiteTeam "Frankfurt AGI"]
[BlackTeam "Berlin Osram"]
[WhiteTeamCountry "GER"]
[BlackTeamCountry "GER"]

1. d4 d5 2. e3 Nf6 3. f4 Bf5 4. Nf3 g6 5. c3 Bg7 6. Ne5 0-0 7. Be2 Nbd7 8. 0-0 c5 9. Nd2 cxd4 10. exd4 Ne4 11. Bf3 Nxd2 12. Qxd2 Be6 13. Nd3 f6 14. Re1 Bf7 15. Qe2 Re8 16. g3 1/2-1/2

[Event "Regionalliga SW 1415"]
[Site "Bayern"]
[Date "2014.12.07"]
[Round "4.4"]
[White "Jermann, Frank"]
[Black "Lutz, Albert"]
[Result "0-1"]
[WhiteElo "1976"]
[BlackElo "2003"]
[PlyCount "120"]
[EventDate "2014.10.19"]
[EventType "team-tourn"]
[EventRounds "9"]
[EventCountry "GER"]
[SourceTitle "EXT 2018"]
[Source "ChessBase"]
[SourceDate "2017.10.13"]
[SourceVersion "1"]
[SourceVersionDate "2017.10.13"]
[SourceQuality "1"]
[WhiteTeam "Mering"]
[BlackTeam "Krumbach"]
[WhiteTeamCountry "GER"]
[BlackTeamCountry "GER"]

1. c4 e6 2. g3 d5 3. Bg2 Nf6 4. Nf3 Nbd7 5. b3 Bd6 6. Nc3 c6 7. Bb2 0-0 8. 0-0 e5 9. e3 Re8 10. d3 Nf8 11. cxd5 Nxd5 12. d4 Nxc3 13. Bxc3 e4 14. Nd2 f5 15. Nc4 Bc7 16. Qh5 Be6 17. Rac1 g6 18. Qe2 Bd5 19. Rc2 Nd7 20. Rfc1 b5 21. Nd2 Qe7 22. Nf1 Bd6 23. Rb1 b4 24. Bd2 a5 25. Rcb2 Rec8 26. h3 Nf6 27. Qe1 c5 28. Rc2 c4 29. bxc4 Rxc4 30. Rbc1 Rac8 31. Rxc4 Rxc4 32. Rxc4 Bxc4 33. Qb1 Qe6 34. a3 Bd3 35. Qa1 bxa3 36. Bxa5 Qb3 37. Nd2 Qb2 38. Bc3 Qxa1+ 39. Bxa1 Bb4 40. Nb3 Bc4 41. Nc5 Nd5 42. Bf1 Ba2 43. Na4 Kf8 44. Bb5 Bd2 45. Kf1 Bc1 46. Ke2 Bb3 47. Nc5 Bc2 48. Bc4 Nb4 49. Bc3 a2 50. Nb3 Ba3 51. Na1 Bd3+ 52. Bxd3 Nxd3 53. Nc2 Bd6 54. Na1 Ke7 55. Nb3 Ke6 56. Na1 Kd5 57. Bd2 Kc4 58. Ba5 Nc1+ 59. Kd1 Nb3 60. Kc2 Nxa1+ 0-1

[Event "Regionalliga SW 1415"]
[Site "Bayern"]
[Date "2014.11.09"]
[Round "2.4"]
[White "Jermann, Frank"]
[Black "Joerg, Harald"]
[Result "0-1"]
[WhiteElo "1976"]
[BlackElo "2076"]
[PlyCount "102"]
[EventDate "2014.10.19"]
[EventType "team-tourn"]
[EventRounds "9"]
[EventCountry "GER"]
[SourceTitle "EXT 2018"]
[Source "ChessBase"]
[SourceDate "2017.10.13"]
[SourceVersion "1"]
[SourceVersionDate "2017.10.13"]
[SourceQuality "1"]
[WhiteTeam "Mering"]
[BlackTeam "Muenchen Siemens"]
[WhiteTeamCountry "GER"]
[BlackTeamCountry "GER"]

1. c4 e5 2. g3 Nc6 3. Bg2 f5 4. Nc3 Nf6 5. d3 Bb4 6. Bd2 0-0 7. Nd5 Bxd2+ 8. Qxd2 d6 9. e3 Ne7 10. Ne2 c6 11. Nxe7+ Qxe7 12. 0-0 Be6 13. Qb4 Rad8 14. Rac1 Qf7 15. d4 e4 16. Nf4 Bc8 17. Qd2 g5 18. Ne2 Qh5 19. f3 exf3 20. Bxf3 Ng4 21. Nc3 Rf6 22. Nd1 Rh6 23. Rc2 f4 24. exf4 gxf4 25. Qxf4 Qg6 26. Be4 Qg7 27. Rd2 Rf6 28. Bxh7+ Kxh7 29. Qe4+ Kg8 30. Rxf6 Nxf6 31. Qd3 Re8 32. Nf2 Qg5 33. Kg2 Bf5 34. Qc3 Ne4 35. Nxe4 Bxe4+ 36. Kg1 Rf8 37. Rd1 Rf3 38. Qe1 d5 39. cxd5 cxd5 40. Rc1 Rf7 41. Rc3 Qg4 42. Qd2 Qf5 43. Qe2 Bf3 44. Qc2 Qxc2 45. Rxc2 Be4 46. Rd2 Kg7 47. h4 Kg6 48. Kh2 Kh5 49. Kh3 Rf3 50. a3 Bf5+ 51. Kh2 Kg4 0-1

[Event "Landesliga Sued 0910"]
[Site "Bayern"]
[Date "2010.01.24"]
[Round "5.8"]
[White "Garbotz, Julian"]
[Black "Jermann, Frank"]
[Result "0-1"]
[WhiteElo "1867"]
[BlackElo "2060"]
[PlyCount "138"]
[EventDate "2009.10.18"]
[EventType "team-tourn"]
[EventRounds "9"]
[EventCountry "GER"]
[SourceTitle "EXT 2011"]
[Source "ChessBase"]
[SourceDate "2010.11.26"]
[SourceVersion "1"]
[SourceVersionDate "2010.11.26"]
[SourceQuality "1"]
[WhiteTeam "Muenchen Zugzwang"]
[BlackTeam "Kriegshaber"]
[WhiteTeamCountry "GER"]
[BlackTeamCountry "GER"]

1. e4 d5 2. exd5 Qxd5 3. Nc3 Qd6 4. Nf3 Nf6 5. g3 Bg4 6. Bg2 Nc6 7. d3 a6 8. Be3 e5 9. h3 Bh5 10. g4 Bg6 11. Ng5 Qd7 12. Nge4 Nxe4 13. Nxe4 Nd4 14. c3 Ne6 15. Qe2 Be7 16. 0-0-0 c5 17. Ng3 0-0-0 18. Nf5 Bf8 19. Be4 f6 20. Kb1 Bf7 21. Qc2 Kb8 22. Rhf1 h5 23. Ng3 hxg4 24. hxg4 g6 25. Rh1 Be7 26. Rxh8 Rxh8 27. Rh1 Rxh1+ 28. Nxh1 Nf4 29. Bxf4 exf4 30. Qe2 Qe6 31. b3 Bd6 32. Bf3 Qxe2 33. Bxe2 Be5 34. Kc2 Bd5 35. f3 Be6 36. Nf2 f5 37. gxf5 Bxf5 38. Ne4 b6 39. a3 a5 40. b4 cxb4 41. axb4 axb4 42. cxb4 Kc7 43. Kd2 Bd4 44. Bd1 Kc6 45. Ba4+ Kd5 46. Nc3+ Ke5 47. Ne4 Ba1 48. Bb3 Kd4 49. Bf7 g5 50. b5 g4 51. fxg4 Bxg4 52. Be8 Bb2 53. Bc6 Ba3 54. Nf2 Bb4+ 55. Kc2 Be2 56. Be4 Be1 57. Nh3 f3 58. Ng1 Ke3 59. Nxf3 Bxf3 60. Bg6 Kd4 61. Bf7 Bd5 62. Be8 Be6 63. Bc6 Bf5 64. Kb3 Bxd3 65. Bd7 Kc5 66. Ka4 Bc2+ 67. Ka3 Bb4+ 68. Kb2 Ba4 69. Kc1 Bxb5 0-1

[Event "Regionalliga SW 0809"]
[Site "Bayern"]
[Date "2008.10.05"]
[Round "1.4"]
[White "Jermann, Frank"]
[Black "Jussupow, Alexander"]
[Result "1-0"]
[WhiteElo "2088"]
[BlackElo "2048"]
[PlyCount "37"]
[EventDate "2008.10.05"]
[EventType "team-tourn"]
[EventRounds "9"]
[EventCountry "GER"]
[SourceTitle "EXT 2020"]
[Source "ChessBase"]
[SourceDate "2019.10.17"]
[SourceVersion "1"]
[SourceVersionDate "2019.10.17"]
[SourceQuality "1"]
[WhiteTeam "Kriegshaber"]
[BlackTeam "Krumbach II"]
[WhiteTeamCountry "GER"]
[BlackTeamCountry "GER"]

1. d4 d5 2. Bf4 Nf6 3. e3 e6 4. Nd2 b6 5. Ngf3 Bb7 6. Bd3 Be7 7. Ne5 0-0 8. Qf3 c5 9. c3 Nbd7 10. Qh3 Re8 11. Ndf3 Nxe5 12. Nxe5 g6 13. g4 Nd7 14. Nxf7 Qc8 15. Bxg6 hxg6 16. Qh8+ Kxf7 17. Qh7+ Kf6 18. g5+ Kf5 19. Qh3+ 1-0

[Event "Regionalliga SW 0708"]
[Site "Bayern"]
[Date "2008.01.20"]
[Round "5.8"]
[White "Maugg, Ludwig"]
[Black "Jermann, Frank"]
[Result "1-0"]
[WhiteElo "1950"]
[BlackElo "2107"]
[PlyCount "53"]
[EventDate "2007.10.21"]
[EventType "team-tourn"]
[EventRounds "9"]
[EventCountry "GER"]
[SourceTitle "EXT 2009"]
[Source "ChessBase"]
[SourceDate "2008.11.26"]
[SourceVersion "1"]
[SourceVersionDate "2008.11.26"]
[SourceQuality "1"]
[WhiteTeam "Sonthofen"]
[BlackTeam "Muenchen Tarrasch II"]
[WhiteTeamCountry "GER"]
[BlackTeamCountry "GER"]

1. d4 f5 2. e4 fxe4 3. Nc3 Nf6 4. Bg5 Nc6 5. d5 Ne5 6. Qe2 d6 7. f4 Nf7 8. Bxf6 exf6 9. Nxe4 Be7 10. Nf3 0-0 11. 0-0-0 f5 12. Nc3 Bf6 13. Qd2 c5 14. dxc6 bxc6 15. Bc4 Rb8 16. Bb3 d5 17. Nd4 Bd7 18. Rhe1 Qc8 19. Nf3 h6 20. Na4 c5 21. Nc3 Bxc3 22. Qxc3 c4 23. Bxc4 dxc4 24. Re7 Rb7 25. Rd6 Re8 26. Rg6 Kf8 27. Rxf7+ 1-0

[Event "Regionalliga SW 0607"]
[Site "Bayern"]
[Date "2006.12.10"]
[Round "4.3"]
[White "Kuhnert, Josef"]
[Black "Jermann, Frank"]
[Result "0-1"]
[WhiteElo "2018"]
[BlackElo "2088"]
[PlyCount "48"]
[EventDate "2006.10.15"]
[EventType "team-tourn"]
[EventRounds "9"]
[EventCountry "GER"]
[SourceTitle "EXT 2008"]
[Source "ChessBase"]
[SourceDate "2007.11.25"]
[SourceVersion "1"]
[SourceVersionDate "2007.11.25"]
[SourceQuality "1"]
[WhiteTeam "Sonthofen"]
[BlackTeam "Muenchen Tarrasch II"]
[WhiteTeamCountry "GER"]
[BlackTeamCountry "GER"]

1. d4 g6 2. c4 Bg7 3. Nf3 d6 4. g3 Nc6 5. h3 e5 6. d5 Nce7 7. e4 f5 8. Nc3 Nf6 9. Bg2 0-0 10. Be3 fxe4 11. Nh2 Nf5 12. Qd2 Nxe3 13. Qxe3 c6 14. 0-0-0 cxd5 15. cxd5 Qa5 16. Qd2 Bd7 17. Kb1 Rac8 18. g4 b5 19. g5 Nh5 20. Ng4 b4 21. Nxe4 Bf5 22. Rhe1 Rc4 23. Qe3 Nf4 24. Bf1 Rxe4 0-1

[Event "Regionalliga SW 0405"]
[Site "Bayern"]
[Date "2004.11.14"]
[Round "2.4"]
[White "Jermann, Frank"]
[Black "Urankar, Hans Peter"]
[Result "1/2-1/2"]
[WhiteElo "2079"]
[BlackElo "2147"]
[PlyCount "26"]
[EventDate "2004.10.24"]
[EventType "team-tourn"]
[EventRounds "9"]
[EventCountry "GER"]
[SourceTitle "EXT 2007"]
[Source "ChessBase"]
[SourceDate "2006.11.23"]
[SourceVersion "1"]
[SourceVersionDate "2006.11.23"]
[SourceQuality "1"]
[WhiteTeam "Muenchen Tarrasch II"]
[BlackTeam "Unterhaching"]
[WhiteTeamCountry "GER"]
[BlackTeamCountry "GER"]

1. d4 f5 2. g3 Nf6 3. Bg2 g6 4. Nf3 Bg7 5. 0-0 0-0 6. c4 d6 7. Nc3 Qe8 8. Qb3 Na6 9. c5+ Kh8 10. cxd6 exd6 11. Be3 Nh5 12. d5 f4 13. Bd4 Bxd4 1/2-1/2

[Event "Regionalliga SW 0405"]
[Site "Bayern"]
[Date "2004.10.24"]
[Round "1.4"]
[White "Jermann, Frank"]
[Black "Schmitzer, Peter"]
[Result "1/2-1/2"]
[WhiteElo "2079"]
[BlackElo "2003"]
[PlyCount "99"]
[EventDate "2004.10.24"]
[EventType "team-tourn"]
[EventRounds "9"]
[EventCountry "GER"]
[SourceTitle "EXT 2007"]
[Source "ChessBase"]
[SourceDate "2006.11.23"]
[SourceVersion "1"]
[SourceVersionDate "2006.11.23"]
[SourceQuality "1"]
[WhiteTeam "Muenchen Tarrasch II"]
[BlackTeam "Muenchen RTA"]
[WhiteTeamCountry "GER"]
[BlackTeamCountry "GER"]

1. d4 Nf6 2. Bg5 Ne4 3. Bf4 c5 4. f3 Qa5+ 5. c3 Nf6 6. Nd2 cxd4 7. Nb3 Qf5 8. Bxb8 Rxb8 9. Qxd4 b6 10. e4 Qf4 11. Ne2 Qc7 12. g3 e5 13. Qd3 Be7 14. Bg2 0-0 15. 0-0 d6 16. Rac1 b5 17. h3 Be6 18. f4 Bc4 19. Qf3 exf4 20. gxf4 d5 21. e5 Ne4 22. Rfd1 Bh4 23. Ned4 Rb6 24. Nd2 Nxd2 25. Rxd2 b4 26. cxb4 Qb8 27. b3 Ba6 28. b5 Bb7 29. Nc6 Qa8 30. Na5 Rxb5 31. Nxb7 Qxb7 32. Rxd5 Qb6+ 33. Kh1 Rxd5 34. Qxd5 Qe3 35. Rf1 Rd8 36. Qf3 Qd2 37. f5 Be7 38. f6 gxf6 39. exf6 Bf8 40. Qg4+ Kh8 41. Be4 Qh6 42. Rg1 Bc5 43. Qg7+ Qxg7 44. Rxg7 Rd4 45. Rxh7+ Kg8 46. Rg7+ Kf8 47. Bh7 Ke8 48. Bg8 Rd7 49. Rg4 Rd1+ 50. Kg2 1/2-1/2

[Event "Landesliga Sued 0203"]
[Site "Bayern"]
[Date "2003.03.09"]
[Round "8.7"]
[White "Lautner, Josef"]
[Black "Jermann, Frank"]
[Result "1-0"]
[WhiteElo "2101"]
[BlackElo "2043"]
[PlyCount "79"]
[EventDate "2002.10.20"]
[EventType "team-tourn"]
[EventRounds "9"]
[EventCountry "GER"]
[SourceTitle "EXT 2004"]
[Source "ChessBase"]
[SourceDate "2003.11.25"]
[SourceVersion "1"]
[SourceVersionDate "2003.11.25"]
[SourceQuality "1"]
[WhiteTeam "Waldkirch"]
[BlackTeam "Muenchen Tarrasch"]
[WhiteTeamCountry "GER"]
[BlackTeamCountry "GER"]

1. d4 f5 2. c4 Nf6 3. Nc3 d6 4. f3 e5 5. dxe5 dxe5 6. Qxd8+ Kxd8 7. e3 c6 8. Bd3 Na6 9. b3 Be6 10. Nh3 h6 11. Nf2 Nc5 12. Bc2 a5 13. Bb2 Be7 14. 0-0-0+ Nfd7 15. Ne2 Kc7 16. f4 Bf6 17. fxe5 Nxe5 18. Nd4 g6 19. Ba3 Ned7 20. Nxe6+ Nxe6 21. Bd6+ Kb6 22. e4 Nd4 23. Rhe1 Rae8 24. Bd3 Re6 25. Ba3 Rhe8 26. c5+ Kc7 27. Bb2 fxe4 28. Bc4 R6e7 29. Bxd4 Bxd4 30. Rxd4 Nxc5 31. Kc2 b5 32. Be2 Rf8 33. Ng4 h5 34. Ne3 Rf2 35. Rd2 Ne6 36. Rf1 Rxf1 37. Bxf1 c5 38. Nd5+ Kd6 39. Nxe7+ Kxe7 40. Bxb5 1-0

[Event "Regionalliga SW 0102"]
[Site "Bayern"]
[Date "2002.02.03"]
[Round "5.6"]
[White "Jermann, Frank"]
[Black "Von Essen, Markus"]
[Result "1/2-1/2"]
[WhiteElo "2065"]
[BlackElo "2010"]
[PlyCount "84"]
[EventDate "2001.10.07"]
[EventType "team-tourn"]
[EventRounds "9"]
[EventCountry "GER"]
[SourceTitle "EXT 2003"]
[Source "ChessBase"]
[SourceDate "2002.11.25"]
[SourceVersion "1"]
[SourceVersionDate "2002.11.25"]
[SourceQuality "1"]
[WhiteTeam "Muenchen Tarrasch"]
[BlackTeam "Unterhaching"]
[WhiteTeamCountry "GER"]
[BlackTeamCountry "GER"]

1. d4 Nf6 2. Nf3 g6 3. c4 Bg7 4. Nc3 d5 5. e3 0-0 6. b4 a5 7. b5 c5 8. bxc6 bxc6 9. Ba3 a4 10. Be2 Qa5 11. Qd2 Re8 12. cxd5 cxd5 13. Rb1 Bd7 14. Bb4 Qd8 15. Ne5 Nc6 16. Nxd7 Qxd7 17. Bb5 e5 18. dxe5 Rxe5 19. 0-0 Qc7 20. Bxc6 Qxc6 21. Rfc1 Qd7 22. Bc5 Ne4 23. Nxe4 Rxe4 24. f3 Re6 25. Rd1 Rd8 26. Bd4 Bxd4 27. Qxd4 Qe7 28. e4 Red6 29. Qxa4 dxe4 30. Rxd6 Qxd6 31. Qxe4 Qa3 32. Qe2 Ra8 33. Rb2 Qc5+ 34. Kf1 Qc1+ 35. Kf2 Rd8 36. Rc2 Qa3 37. g3 h5 38. Kg2 Kf8 39. Qe5 Kg8 40. Qe2 Kf8 41. Kf2 Kg8 42. Kg2 Kf8 1/2-1/2